Obras dramáticas escogidas / (Record no. 98893)
[ view plain ]
| 000 -LEADER | |
|---|---|
| campo de control de longitud fija | 01257nam a2200277 i 4500 |
| 001 - NÚMERO DE CONTROL | |
| campo de control | 98893 |
| 003 - IDENTIFICADOR DE NÚMERO DE CONTROL | |
| campo de control | ES-MaACL |
| 005 - FECHA Y HORA DE LA ÚLTIMA TRANSACCIÓN | |
| campo de control | 20250824052155.0 |
| 007 - CAMPO FIJO DE DESCRIPCIÓN FÍSICA--INFORMACIÓN GENERAL | |
| campo de control de longitud fija | t| |
| 008 - DATOS DE LONGITUD FIJA--INFORMACIÓN GENERAL | |
| campo de control de longitud fija | 950919s1884 sp ac |||| | spa d |
| 100 1# - ENTRADA PRINCIPAL--NOMBRE DE PERSONA | |
| Nombre de persona | Echegaray, José, |
| Fechas asociadas al nombre | 1832-1916 |
| Término indicativo de función/relación | Autor |
| 9 (RLIN) | 46526 |
| 245 10 - MENCIÓN DEL TÍTULO | |
| Título | Obras dramáticas escogidas / |
| Mención de responsabilidad, etc. | J. Echegaray ; [prólogo, Ignacio José Escobar]. |
| 260 ## - PUBLICACIÓN, DISTRIBUCIÓN, ETC. | |
| Lugar de publicación, distribución, etc. | Madrid : |
| Nombre del editor, distribuidor, etc. | [s.n.], |
| Fecha de publicación, distribución, etc. | 1884 |
| Fabricante | (Imp. de Tello) |
| 300 ## - DESCRIPCIÓN FÍSICA | |
| Extensión | XII, 538 páginas : |
| Otras características físicas | ilustraciones, 1 retrato ; |
| Dimensiones | 18 cm. |
| 500 ## - NOTA GENERAL | |
| Nota general | Port. orlada, firmada por Arturo Mélida y Francisco Laporta |
| 505 0# - NOTA DE CONTENIDO CON FORMATO | |
| Nota de contenido con formato | Vol. I. La esposa del vengador: drama en tres actos en verso; En el puño de la espada: drama trágico en tres actos y en verso; O locura o santidad: drama en tres actos en prosa |
| 599 ## - NOTA A LAS ILUSTRACIONES | |
| NOTA A LAS ILUSTRACIONES | Retrato del autor |
| 655 #0 - TERMINO DE INDIZACIÓN--GENERO/FORMA | |
| Datos o término principal de género/forma | Teatro |
| 9 (RLIN) | 234794 |
| 700 1# - ENTRADA AGREGADA--NOMBRE PERSONAL | |
| Nombre de persona | Valdeiglesias, José Ignacio Escobar y Kirkpatrick, |
| Títulos y otros términos asociados al nombre | Marqués de, |
| Fechas asociadas al nombre | 1898-1977 |
| 9 (RLIN) | 155271 |
| 700 1# - ENTRADA AGREGADA--NOMBRE PERSONAL | |
| Nombre de persona | Mélida y Alinari, Arturo, |
| Fechas asociadas al nombre | 1849-1902 |
| Término indicativo de función/relación | Ilustrador |
| 9 (RLIN) | 79968 |
| 700 1# - ENTRADA AGREGADA--NOMBRE PERSONAL | |
| Nombre de persona | Laporta, Francisco, |
| Fechas asociadas al nombre | 1850-1914 |
| Término indicativo de función/relación | Ilustrador |
| 9 (RLIN) | 152865 |
| 852 ## - LOCALIZACIÓN | |
| Ubicación | ES-MaACL |
| Ubicación en estantería | Sala Pecera Planta 2 |
| Anotaciones manuscritas | Dedicatoria autógrafa del autor |
| Donativo/Legado | Donativo de José Echegaray |
| Número de control de estantería | F-9794 |
| 942 ## - ELEMENTOS DE ENTRADA SECUNDARIOS (KOHA) | |
| Fuente del sistema de clasificación o colocación | Clasificación decimal universal |
| Tipo de ítem Koha | Libro impreso antiguo |
| Suprimir en OPAC | No |
| Estatus retirado | Estado de pérdida | Fuente del sistema de clasificación o colocación | Estado de daño | No para préstamo | Colección | Biblioteca de origen | Biblioteca actual | Ubicación en estantería | Fecha de adquisición | Fuente de adquisición | Total de préstamos | Signatura topográfica completa | Código de barras | Visto por última vez | Tipo de ítem Koha | Nota pública |
|---|---|---|---|---|---|---|---|---|---|---|---|---|---|---|---|---|
| Clasificación decimal universal | Libros del s. XIX | Biblioteca del Ateneo de Madrid | Biblioteca del Ateneo de Madrid | Sala Pecera Planta 2 | 17/01/2008 | Donación | F-9794 | 1103254 | 23/02/2023 | Libro impreso antiguo | Dedicatoria autógrafa del autor |
